000 00753nam a22002057a 4500
999 _c4279
_d4279
003 AR-CdUCM
008 190308b ||||| |||| 00| 0 spa d
040 _aMUNICIPALIDAD PROVINCIAL DEL CUSCO
_cBIBLIOTECA MUNICIPAL DEL CUSCO
082 _22ed.
_a729 /
_bC97
100 _aCusa Ramos, Juan de
_913522
245 _aCuartos de baño y aseo /
260 _aBarcelona :
_bEdiciones CEAC,
_c1960.
300 _a248 páginas ;
_bilustraciones,
_c21 cm.
505 _aContenido: El cuarto de baño -- El problema de los pisos antiguos -- El tocador-lavabo -- Elementos sanitarios -- Termos y calentadores ...
650 _aBaños
_913523
650 _aDecoraciones
_913524
650 _aInstalación completa
_913525
942 _2ddc
_cLIBROS
945 _aachl